书目信息 |
| 题名: |
数学思维
|
|
| 作者: | 布利策 著 ;汪雄飞 , 汪荣贵 译 | |
| 分册: | 1 逻辑与数 | |
| 出版信息: | 北京 机械工业出版社 2024.07 |
|
| 页数: | X, 285页 | |
| 开本: | 24cm | |
| 丛书名: | ||
| 单 册: | ||
| 中图分类: | O1-0 | |
| 科图分类: | ||
| 主题词: | 数学--shu xue--思维方法 | |
| 电子资源: | ||
| ISBN: | 978-7-111-73563-2 | |
| 000 | 01504nam 2200313 450 | |
| 001 | 93799 | |
| 005 | 20250819161520.70 | |
| 010 | @a978-7-111-73563-2@dCNY99.00 | |
| 100 | @a20240815d2024 em y0chiy50 ea | |
| 101 | 1 | @achi@ceng |
| 102 | @aCN@b110000 | |
| 105 | @aa z 000yy | |
| 106 | @ar | |
| 200 | 1 | @a数学思维@Ashu xue si wei@h1@f(美) 罗伯特·布利策著@d= Thinking mathematically@h1@i逻辑与数@fRobert Blitzer@g汪雄飞, 汪荣贵译@zeng |
| 210 | @a北京@c机械工业出版社@d2024.07 | |
| 215 | @aX, 285页@c图@d24cm | |
| 305 | @a据原书第7版译出 | |
| 306 | @a由Pearson Education (培生教育出版集团) 授权出版 | |
| 314 | @a罗伯特·布利策 (Robert Blitzer) 在纽约城市学院 (City College of New York) 获得数学和心理学双学士学位,辅修英语文学,获得文学学士学位。他不同寻常的学术兴趣使他获得了迈阿密大学的数学硕士学位和诺瓦大学的行为科学博士学位。 | |
| 330 | @a本书从最基本的归纳与演绎、集合、逻辑以及数的知识开始, 循序渐进, 将不同方面的数学内容巧妙地加以安排和设计, 使得它们在逻辑上层层展开, 形成一套易于理解的知识体系。本书以趣味性的写作风格和与实际相关的例子, 吸引读者的数学学习兴趣, 培养读者的数学思维, 体现数学知识在日常生活中的重要性。 | |
| 500 | 10 | @aThinking mathematically@h1@mChinese |
| 517 | 1 | @a逻辑与数@Aluo ji yu shu |
| 606 | 0 | @a数学@Ashu xue@x思维方法 |
| 690 | @aO1-0@v5 | |
| 701 | 1 | @a布利策@Abu li ce@g(Blitzer, Robert)@4著 |
| 702 | 0 | @a汪雄飞@Awang xiong fei@4译 |
| 702 | 0 | @a汪荣贵@Awang rong gui@4译 |
| 801 | 0 | @aCN@c20250909 |
| 905 | @a河南城建学院图书馆@dO1-0@eB982:1@f1 | |
| 数学思维.1/(美) 罗伯特·布利策著= Thinking mathematically.1.逻辑与数/Robert Blitzer/汪雄飞, 汪荣贵译.-北京:机械工业出版社,2024.07 |
| X, 285页:图;24cm |
| ISBN 978-7-111-73563-2:CNY99.00 |
| 本书从最基本的归纳与演绎、集合、逻辑以及数的知识开始, 循序渐进, 将不同方面的数学内容巧妙地加以安排和设计, 使得它们在逻辑上层层展开, 形成一套易于理解的知识体系。本书以趣味性的写作风格和与实际相关的例子, 吸引读者的数学学习兴趣, 培养读者的数学思维, 体现数学知识在日常生活中的重要性。 |
| ● |
| 相关链接 |
|
|
|
正题名:数学思维
索取号:O1-0/B982:1
 
预约/预借
| 序号 | 登录号 | 条形码 | 馆藏地/架位号 | 状态 | 备注 |
| 1 | 1627756 | 216277561 | 自科库401/401自科库 105排2列2层/ [索取号:O1-0/B982:1] | 在馆 |